| 000 | 00429nam a2200169 i 4500 | ||
|---|---|---|---|
| 001 | bg | ||
| 100 | 1 | _aAMELINCKX, S. | |
| 245 | 0 |
_aThe direct observation of dislocations / _cS. Amelinckx. |
|
| 260 |
_aNew York : _bAcademic Press, _c1964. |
||
| 490 | 1 | _aSolid State Physics | |
| 830 | _aSolid State Physics | ||
| 040 | _cBPK | ||
| 041 | _apol | ||
| 080 | _a538.9 | ||
| 942 | _cKS | ||
| 008 | s pl f |000 0 pol | ||
| 999 |
_c15738 _d15738 |
||
| 856 |
_uhttp://koha.tu.koszalin.pl/cgi-bin/koha/opac-detail.pl?biblionumber=15738 _yKatalog online BPK |
||